000 00308nam a22001337a 4500
008 170529b xxu||||| |||| 00| 0 eng d
020 _a9780312011420
041 _aeng
080 _a94(7/8)
100 _a16
101 _aSHH
245 _aTHE DOMETSTIC SOURCES AMERICAN
_cKEGLEY.CH.W
942 _2udc
_cBK
999 _c14981
_d14981